単線と複線の境界駅(私鉄篇) - Statistics

General Stats
  • This quiz has been taken 105 times
  • The average score is 15 of 82
Answer Stats
鉄道会社 境界駅 % Correct
西武 飯能
54%
京王 高尾
54%
京急 三浦海岸
48%
京急 京急久里浜
46%
新京成 新津田沼
45%
名鉄 新可児
39%
東武 館林
38%
関東鉄道 水海道
37%
京成 東成田
33%
京成 千葉中央
33%
名鉄 西尾
33%
京急 京急長沢
31%
名鉄 佐屋
31%
京成 成田湯川
30%
埼玉新都市交通 丸山
29%
名鉄 豊田市
29%
名鉄 河和口
29%
東武 春日部
27%
東武 運河
27%
名鉄 梅坪
26%
西武 玉川上水
25%
名鉄 刈谷
25%
名鉄 小牧
25%
南海 橋本
25%
名鉄 桜井
24%
西武 西武立川
23%
京成 柴又
23%
名鉄 南桜井
23%
神戸電鉄 有馬口
23%
能勢電鉄 山下
23%
ことでん 太田
23%
名鉄 西尾口
21%
名鉄 森上
21%
神戸電鉄 横山
21%
京成 空港第2ビル
21%
名鉄 刈谷市
19%
東武 鬼怒川温泉
18%
近鉄 志摩磯部
18%
近鉄 富田林
18%
西武 武蔵砂川
17%
しなの鉄道 黒姫
17%
西武 恋ヶ窪
15%
長野電鉄 朝陽
15%
神戸電鉄 西鈴蘭台
15%
富山地方鉄道 稲荷町
14%
近鉄 宝山寺
14%
近鉄 東山
14%
神戸電鉄 岡場
14%
伊勢鉄道 中瀬古
12%
近鉄 中之郷
12%
しなの鉄道 北長野
11%
近鉄 南生駒
11%
西鉄 大善寺
10%
西鉄
10%
豊橋鉄道 競輪場前
8%
叡山電鉄 二軒茶屋
8%
西鉄 聖マリア病院前
8%
福井鉄道 花堂
7%
近鉄 萩の台
7%
神戸電鉄 田尾寺
7%
神戸電鉄 押部谷
7%
ことでん 栗林公園
7%
とさでん交通 鏡川橋
7%
東武 武州長瀬
6%
近鉄 上之郷
6%
神戸電鉄 藍那
6%
西鉄 蒲池
6%
東武 東毛呂
5%
近鉄 船津
5%
京福電気鉄道 鳴滝
5%
ことでん 三条
5%
肥薩おれんじ鉄道 津奈木
5%
京福電気鉄道 常盤
4%
富山地方鉄道 奥田中学校前
2%
万葉線 米島口
2%
肥薩おれんじ鉄道 湯浦
2%
富山地方鉄道 龍谷富山高校前(永楽町)
1%
万葉線 広小路
1%
伊予鉄道 梅津寺
1%
長崎電気軌道 大浦海岸通
1%
熊本市電 二本木口
1%
伊予鉄道 JR松山駅前
1%
No matching quizzes found
Score Distribution
Percent of People with Each Score
Percentile by Number Answered
Your Score History
You have not taken this quiz